Harry Potter: les Glaces Florian Fortarôme - Statistiques

Statistiques générales
  • Ce quiz a été pris 28 fois
  • Le résultat moyen est 7 sur 8
Statistiques - réponses
Information Réponses % Correct
Propriétaire Florian Fortarôme
100%
Emplacement Chemin de Traverse
92%
Dernière apparition Harry Potter et le Prince de Sang-Mêle
92%
Première mention Harry Potter et le Prisonnier d’Azkaban
92%
Pays Royaume-Uni
92%
Etat Angleterre
88%
Ville Londres
88%
Fonction Commerce
69%
Aucun quiz correspondant
Distribution des résultats
% des personnes avec chaque résultat
Percentile par nombre de réponses
Votre historique - résultats
Vous n’avez pas pris ce quiz